Justin Timberlake: Complete Discography - Statistics

General Stats
  • This quiz has been taken 29 times
  • The average score is 53 of 166
Answer Stats
Hint Answer % Correct
Trolls Can't Stop The Feeling
95%
FutureSex / LoveSounds SexyBack
95%
Justified Cry Me A River
90%
The 20/20 Experience Mirrors
90%
FutureSex / LoveSounds My Love
81%
Justified Rock Your Body
81%
Justified Señorita
81%
FutureSex / LoveSounds What Goes Around... / ...Comes Around
81%
The 20/20 Experience Suit & Tie
76%
FutureSex / LoveSounds FutureSex / LoveSounds
71%
Man Of The Woods Say Something
71%
FutureSex / LoveSounds Summer Love / Set The Mood
71%
FutureSex / LoveSounds Until The End Of Time
71%
Justified Like I Love You
67%
FutureSex / LoveSounds LoveStoned / I Think She Knows
67%
The 20/20 Experience - 2 Of 2 TKO
67%
The 20/20 Experience Tunnel Vision
67%
Trolls Band Together Better Place
57%
Everything I Thought It Was Selfish
57%
Features 4 Minutes
52%
Features Carry Out
52%
Man Of The Woods Filthy
52%
Features Give It To Me
52%
The 20/20 Experience Let The Groove Get In
52%
Everything I Thought It Was No Angels
52%
The 20/20 Experience - 2 Of 2 Not A Bad Thing / Pair Of Wings
52%
The 20/20 Experience Strawberry Bubblegum
52%
The 20/20 Experience - 2 Of 2 Take Back The Night
52%
Features Ayo Technology
48%
The 20/20 Experience Blue Ocean Floor
48%
FutureSex / LoveSounds Chop Me Up
48%
FutureSex / LoveSounds Damn Girl
48%
Man Of The Woods Man Of The Woods
48%
Everything I Thought It Was Play
48%
FutureSex / LoveSounds Sexy Ladies / Let Me Talk To You
48%
Trolls World Tour The Other Side
48%
The 20/20 Experience Don't Hold The Wall
43%
Everything I Thought It Was Drown
43%
Features Holy Grail
43%
Justified Last Night
43%
FutureSex / LoveSounds Losing My Way
43%
Everything I Thought It Was Memphis
43%
The 20/20 Experience - 2 Of 2 Murder
43%
Everything I Thought It Was Paradise
43%
The 20/20 Experience Pusher Love Girl
43%
The 20/20 Experience Spaceship Coupe
43%
Man Of The Woods Supplies
43%
Everything I Thought It Was Technicolor
43%
The 20/20 Experience (Bonus) Body Count
38%
The 20/20 Experience (Bonus) Dress On
38%
The 20/20 Experience - 2 Of 2 Drink You Away
38%
The 20/20 Experience - 2 Of 2 (Bonus) Electric Lady
38%
Everything I Thought It Was Flame
38%
The 20/20 Experience - 2 Of 2 Gimme What I Don't Know / I Want
38%
Duets / Colaborations Love Never Felt So Good
38%
Everything I Thought It Was Sanctified
38%
Justified Still On My Brain
38%
Justified Take It From Here
38%
The 20/20 Experience That Girl
38%
The 20/20 Experience - 2 Of 2 True Blood
38%
Trolls True Colors
38%
The 20/20 Experience - 2 Of 2 Amnesia
33%
The 20/20 Experience - 2 Of 2 (Bonus) Blindness
33%
The 20/20 Experience - 2 Of 2 Cabaret
33%
Features Dead And Gone
33%
Man Of The Woods Flannel
33%
Justified (Bonus) | Singles I'm Lovin' It
33%
Everything I Thought It Was Love & War
33%
Man Of The Woods Morning Light
33%
Everything I Thought It Was My Favorite Drug
33%
Trolls Band Together Perfect
33%
The 20/20 Experience - 2 Of 2 You Got It On
33%
Everything I Thought It Was Alone
29%
FutureSex / LoveSounds (Another Song) All Over Again
29%
Man Of The Woods Breeze Off The Pond
29%
Man Of The Woods Higher Higher
29%
Everything I Thought It Was Imagination
29%
Everything I Thought It Was Infinity Sex
29%
Justified Let's Take A Ride
29%
Everything I Thought It Was Liar
29%
Man Of The Woods Midnight Summer Jam
29%
Man Of The Woods Montana
29%
Justified Never Again
29%
Justified Nothin' Else
29%
The 20/20 Experience - 2 Of 2 Only When I Walk Away
29%
Justified Right For Me
29%
Man Of The Woods Sauce
29%
Trolls September
29%
Singles SoulMate
29%
Duets / Colaborations Stay With Me
29%
Man Of The Woods Wave
29%
Everything I Thought It Was What Lovers Do
29%
Justified (And She Said) Take Me Now
24%
Features Brand New
24%
Trolls Band Together BroZone's Back
24%
Everything I Thought It Was Conditions
24%
Trolls Band Together Family
24%
Everything I Thought It Was Fuckin' Up The Disco
24%
Trolls Hair Up
24%
Man Of The Woods Hers
24%
Trolls Band Together It Takes Two
24%
Trolls World Tour Just Sing
24%
Trolls Band Together Let's Get Married
24%
Man Of The Woods Livin' Off The Land
24%
Features Motherlover
24%
Justified (Oh No) What You Got
24%
Features Release
24%
Trolls What U Workin' With?
24%
Justified (Bonus) Worthy Of
24%
Man Of The Woods Young Man
24%
Features 3-Way / The Golden Rule
19%
Features Believe
19%
Features Better Days
19%
FutureSex / LoveSounds (Bonus) Boutique In Heaven
19%
Features Dance 2night
19%
Trolls World Tour Don't Slack
19%
Trolls World Tour It's All Love
19%
Features Love Sex Magic
19%
Trolls World Tour Perfect For Me
19%
FutureSex / LoveSounds (Bonus) Pose
19%
Features Signs
19%
Man Of The Woods The Hard Stuff
19%
Trolls World Tour Trolls Wanna Have Good Times
19%
Justified (Bonus) Why, When, How
19%
Features Winner
19%
Features You'll Be There
19%
Features Bounce
14%
Features Hole In My Head
14%
Duets / Colaborations Keep Going Up
14%
Features Parent Trap
14%
Features Ain't No Doubt About It
10%
Features Dick In A Box
10%
Features Fascinated
10%
Soundtracks Five Hundred Miles
10%
Features Floatin'
10%
Duets / Colaborations Follow My Lead
10%
Features G Is For Girl / A-Z
10%
Features Just Be
10%
Features Make It Right
10%
Features My Style
10%
Features Role Model
10%
Duets / Colaborations Sin Fin
10%
Features Take Me Alive
10%
Features The Woods
10%
Features Work It
10%
Features BBC
5%
Features Casanova
5%
Features Get Out
5%
Soundtracks Good Foot
5%
Features Heaven
5%
Features Hootnanny
5%
Soundtracks Incredible Thoughts
5%
Features Innocent
5%
Features Loose Ends
5%
Features Love Dealer
5%
Soundtracks Love Don't Love Me
5%
Features Money
5%
Features My Kind Of Girl
5%
Soundtracks Please Mr. Kennedy
5%
Features Shades
5%
Features Sign Your Name
5%
Soundtracks The Auld Triangle
5%
Features The Nature
5%
Duets / Colaborations The Only Promise That Remains
5%
No matching quizzes found
Score Distribution
Percent of People with Each Score
Percentile by Number Answered
Your Score History
You have not taken this quiz